Movies Quiz

Random Movies or Clickable Quiz

4 Movies, 1 Thing in Common VII Quiz Stats

Quiz Updated Sep 5, 2016

Challenge
Share
Tweet
Embed
Score 0/16 Timer 05:00
63 Plays Today
% Correct
Candy-themed
94.6%
About geniuses
93.5%
Feature a female ensemble cast
87.7%
Multiple Oscar wins
85%
Virtual realities
82.5%
Body swaps
81.4%
Jules Verne adaptations
81.3%
Kevin Spacey movies
73.1%
% Correct
Released in 1995
70.2%
Revenge plots
70.1%
Mistaken identities
68.8%
Denise Richards movies
68.2%
A star died during filming
62%
Main character wakes up in hospital
60.5%
Robert Zemeckis movies
50.7%
Features an actor named Fox
50.3%

You're not logged in!

Compare scores with friends on all Sporcle quizzes.
Join for Free
OR
Log In

You Might Also Like...

Show Comments

Extras

Top Quizzes Today


Score Distribution

Your Account Isn't Verified!

In order to create a playlist on Sporcle, you need to verify the email address you used during registration. Go to your Sporcle Settings to finish the process.

Report this User

Report this user for behavior that violates our Community Guidelines.

Details: